| 000 | 00478nam a2200169Ia 4500 | ||
|---|---|---|---|
| 003 | GCL | ||
| 008 | 140319s9999 xx 000 0 ara d | ||
| 040 |
_aGCL / _cGCL |
||
| 082 | 0 | 4 |
_a001.6404 _bف ك |
| 100 | 1 | _aفؤاد فاضل الشيخلى | |
| 245 | 1 | 0 |
_aالكمبيوتر بين يديك / _cفؤاد فاضل الشيخلى |
| 260 |
_a[S.N] : _bدار الراتب الجامعية |
||
| 300 | _a91 ص | ||
| 490 | _a | ||
| 650 | 0 | 4 | _aالبرامج |
| 942 |
_2ddc _cBK |
||
| 999 |
_c39948 _d39948 |
||